00985nam a2200205 450000500170000000700040001700800040002104000090002505000240003424502790005826000540033730000230039144000710041450000190048565000340050470000230053870000240056170000240058571101700060920250408120629.0000000 aUOEL aQL737.C4b.C59 1981 aReproduction in Whales, Dolphins and Porpoises : Proceedings of the confrerence cetacean reproduction : Estimating parameters for stock assessment and management, La Jolla, California 28 Nov-7 Dec 1981 /cedited by William F. Perrin, Robert L. Brownell, Douglas P. DeMaster. aCambridge :bCambridge University Press ,cc1984. axii, 495p. :bill. pReports of the International Whaling Commission. Special issue,v6 aincludes index aReproduction, WhalesxZoology aPerrin, William F. aBrownell, Robert L. aDeMaster Douglas P. aProceedings of the conference Cetacean reproduction : estimating parameters for stock assesment and managementc(La Jolla, California :d28 November-7 December 1981)